000 00384nmm a2200145Ia 4500
008 251105s9999||||xx |||||||||||||||||und||
041 _aspa
100 _aCornick, Nicola
245 0 _aFalsa cortesana
264 _a[Madrid, España] :
_bHarlequin,
_c2010
300 _a196 páginas
650 _aRomance
856 _uhttps://public.digitaliapublishing.com/a/32696
942 _cCF
999 _c104328
_d104328